000 00277nam a2200109Ia 4500
008 190802s9999 xx 000 0 und d
100 _aMuhammad Qutb
245 0 _aIslam: The Misunderstood Religion
260 _aNew Delhi
_bIdarai Dimayat Ishaat
300 _a199:p
942 _cBK
999 _c2555
_d2555